000 00620nam a2200265Ia 4500
005 20260121165658.0
008 008 260114s9999 xx 000 0 eng d
020 _a9789463511254
037 _aEBOOK
040 _aCRL
040 _beng
040 _cCRL
041 _2eng
041 _aeng
084 _qCRL
100 _aJason Matthew Zalinger
_91054694
245 0 _aMyron Oygold
260 _bSpringer
260 _bSpringer
260 _c2017
856 _uhttps://link.springer.com/openurl?genre=book&isbn=978-94-6351-125-4
942 _cEBOOK
999 _c1620421
_d1620421